Kurdish Sub-groups - Statistics

General Stats
  • This quiz has been taken 47 times
    5 since last reset
  • The average score is 5 of 10
Answer Stats
Picture Answer % Correct
Assyrian
75%
Gorani
75%
Sorani
75%
Chaldean
50%
Kurmanji
50%
Yazidi
50%
Zaza
50%
Feyli
25%
Lak
25%
Shabak
25%
No matching quizzes found
Score Distribution
Percent of People with Each Score
Percentile by Number Answered
Your Score History
You have not taken this quiz since the last reset